St Thomas Christmas Through the Ages: (Record no. 211718)

MARC details
000 -LEADER
fixed length control field 00683nam a22001817a 4500
005 - DATE AND TIME OF LATEST TRANSACTION
control field 20250611105431.0
010 ## - LCCN (DPL NO)
LC control number ENG-145271
020 ## - INTERNATIONAL STANDARD BOOK NUMBER
International Standard Book Number 9789391399528
Terms of availability 450.00
035 ## - SYSTEM CONTROL NUMBER
System control number EN-128803
037 ## - SOURCE OF ACQUISITION
Source of stock number/acquisition DBAD
082 ## - DEWEY DECIMAL CLASSIFICATION NUMBER
Classification number 306.6751083
Edition number 1
245 ## - TITLE STATEMENT
Title St Thomas Christmas Through the Ages:
Remainder of title A Study in Socio-Religious Life/
Statement of responsibility, etc Edited by K S Mathew; Joseph Chacko Chennattuserry [and] Francis Thonippara
260 ## - PUBLICATION, DISTRIBUTION, ETC. (IMPRINT)
Place of publication, distribution, etc Bengaluru
Name of publisher, distributor, etc ATC Publishers
Date of publication, distribution, etc 2022
270 ## - ADDRESS
Address 9/12-1, 1st Floor, Lloyd's Road Cooke Town
City Bengaluru
Postal code 560005
Electronic mail address admin@atcpublishers.com
300 ## - PHYSICAL DESCRIPTION
Extent 342p
Dimensions 22cm(pb)
700 ## - ADDED ENTRY--PERSONAL NAME
Personal name Mathew, K S
Relator term Author
9 (RLIN) 81865
942 ## - ADDED ENTRY ELEMENTS (KOHA)
Source of classification or shelving scheme Dewey Decimal Classification
Item type English Books
Call number suffix STT
Classification part 306.6751083
Holdings
Withdrawn status Lost status Not for loan Collection code Home library Current library Date acquired Source of acquisition Cost, normal purchase price Full call number Barcode Copy number Cost, replacement price Koha item type
      Non-fiction Mobile Library Mobile Library 11/06/2025 Delivery of Books Act Division 450.00 STT 306.6751083 EN-128803 1 450.00 English Books

© Delhi Public Library
Hit Counter
free hit counter